000 00307nam a22001217a 4500
008 230703b xxu||||| |||| 00| 0 eng d
082 _a348.
_bCLB 1989
245 _aCommonwealth Law Bulletin
260 _bCommonwealth Secretariat
_c1989
300 _aXX,1602p
440 _n4
_v15
_x03050718
942 _2ddc
_cBK
999 _c3139
_d3139